Southville International School and Colleges
Your cart is empty.
  • Cart
  • Lists
    Public lists Eva Luna New books Lux_list list_1
    Your lists Log in to create your own lists
  • Log in to your account
  • Your cookies
  • Search history
Southville International School and Colleges
  • Advanced search
  • Recent comments
  • Most popular
  • Libraries

Log in to your account

Log in with GOOGLE


If you do not have an external account, but do have a local account, you can still log in:

  1. Home
  2. MARC view: The serpent's shadow /
Normal view MARC view ISBD view

The serpent's shadow / (Record no. 287886)

[ view plain ]
MARC details
000 -LEADER
fixed length control field 00673nam a2200205Ia 4500
008 - FIXED-LENGTH DATA ELEMENTS--GENERAL INFORMATION
fixed length control field 150610s9999 xx 000 0 und d
020 ## - INTERNATIONAL STANDARD BOOK NUMBER
International Standard Book Number 9781423140573
050 ## - LIBRARY OF CONGRESS CALL NUMBER
Classification number PZ7
Item number .R479e 2012  
100 ## - MAIN ENTRY--PERSONAL NAME
Personal name Riordan, Rick
245 #4 - TITLE STATEMENT
Title The serpent's shadow /
Statement of responsibility, etc Rick Riordan.
250 ## - EDITION STATEMENT
Edition statement 1st ed.
260 ## - PUBLICATION, DISTRIBUTION, ETC. (IMPRINT)
Place of publication, distribution, etc New York :
Name of publisher, distributor, etc Disney /Hyperion Books, 
Date of publication, distribution, etc 2012.
300 ## - PHYSICAL DESCRIPTION
Extent 406pages ;
Dimensions 22 cm.
440 ## - SERIES STATEMENT/ADDED ENTRY--TITLE
Title The Kane chronicles ; book 3
Volume number/sequential designation v.3
520 ## - SUMMARY, ETC.
Summary, etc Juvenile literature.
650 ## - SUBJECT ADDED ENTRY--TOPICAL TERM
Topical term or geographic name as entry element Magic
General subdivision Juvenile literature.
650 ## - SUBJECT ADDED ENTRY--TOPICAL TERM
Topical term or geographic name as entry element Mythology, Egyptian
General subdivision Juvenile literature.
650 ## - SUBJECT ADDED ENTRY--TOPICAL TERM
Topical term or geographic name as entry element Snakes
Topical term following geographic name as entry element Juvenile literature.
650 ## - SUBJECT ADDED ENTRY--TOPICAL TERM
Topical term or geographic name as entry element Voyages and travels
Topical term following geographic name as entry element Juvenile literature
Holdings
Withdrawn status Lost status Damaged status Home library Current library Shelving location Date acquired Total Checkouts Full call number Barcode Date last seen Price effective from Koha item type
      Stonyhurst Southville International School (Batangas) Stonyhurst Southville International School (Batangas) High School Section 06/10/2015    PZ7 .R479e 2012   US-1920 06/10/2015 06/10/2015 Books

The serpent's shadow /

APA

Riordan R., . (2012). The serpent's shadow. New York: Disney /Hyperion Books.

Chicago

Riordan Rick, . 2012. The serpent's shadow. New York: Disney /Hyperion Books.

Harvard

Riordan R., . (2012). The serpent's shadow. New York: Disney /Hyperion Books.

MLA

Riordan Rick, . The serpent's shadow. New York: Disney /Hyperion Books. 2012.

  • Place hold
  • Print
  • Cite
  • Add to your cart (remove)
  • Save record
    BIBTEX Dublin Core MARCXML MARC (non-Unicode/MARC-8) MARC (Unicode/UTF-8) MARC (Unicode/UTF-8, Standard) MODS (XML) RIS
  • More searches
    Search for this title in:
    Other Libraries (WorldCat) Other Databases (Google Scholar) Online Stores (Bookfinder.com) Open Library (openlibrary.org)

Exporting to Dublin Core...

SOUTHVILLE LIBRARY

Southville International School and Colleges Library

1281 Tropical Ave. Cor. Luxembourg St., BF Homes International, Las Pinas City

Tel. No. 8256374 / 252358 Loc. 117/146

Powered by Koha